000 00889nas a2200301 4500
001 BR0103172
003 BR-BrBNA
005 20231205102328.0
007 ta
008 230509b bl.|||p| |||| 00| 00por d
040 _aBR-BrBNA
_bpor
_cBiblioteca Nacional de Agricultura
041 _a(Pt)
072 _aQ54; L51
100 1 _aPereira, J.C.
100 1 _aVieira, R.A.M.
100 1 _aGonzales, J.
100 1 _aAlvir, M.
100 1 _aQueiroz, A.C. de
245 1 _aDegradabilidade ruminal de alguns subprodutos agroindustriais
650 _aDigestibilidade
650 _aRumen
650 _aComposicao Quimica
650 _aSubproduto
650 _aBromatologia
773 0 _tRevista Brasileira de Zootecnia (Brazil)
_xISSN 1516-3598
_g(Nov-Dec 2000), v. 29(6)Suplemento 2 p. 2359-2366
_wBR0103172
909 _a202311
_bLúcia
_c55
_dLúcia Elande
942 _2AGRIS
_n0
_cANA
999 _c166999
_d166999